书目信息 |
| 题名: |
现代财政学原理
|
|
| 作者: | 张志超 编著 | |
| 分册: | ||
| 出版信息: | 天津 南开大学出版社 2011.04 |
|
| 页数: | 399页 | |
| 开本: | 21cm | |
| 丛书名: | 经济学核心课系列教材 | |
| 单 册: | ||
| 中图分类: | F810 | |
| 科图分类: | ||
| 主题词: | 财政学--cai zheng xue | |
| 电子资源: | ||
| ISBN: | 978-7-310-03668-4 | |
| 000 | 00919nam 2200301 450 | |
| 001 | B20110040369 | |
| 005 | 20110709111729.76 | |
| 010 | @a978-7-310-03668-4@dCNY30.00 | |
| 100 | @a20110523d2011 km y0chiy50 ea | |
| 101 | 0 | @achi |
| 102 | @aCN@b120000 | |
| 105 | @aak a 000yy | |
| 106 | @ar | |
| 200 | 1 | @a现代财政学原理@Axian dai cai zheng xue yuan li@f张志超编著 |
| 205 | @a第4版 | |
| 210 | @a天津@c南开大学出版社@d2011.04 | |
| 215 | @a399页@c图@d21cm | |
| 225 | 2 | @a经济学核心课系列教材@Ajing ji xue he xin ke xi lie jiao cai |
| 320 | @a有书目 (第395-399页) | |
| 330 | @a本书主要内容包括:政府、市场与公共财政、公共财政的基本职能、财政预算、财政支出等。 | |
| 333 | @a经济学学习人员 | |
| 410 | 0 | @12001 @a经济学核心课系列教材 |
| 586 | @a | |
| 606 | 0 | @a财政学@Acai zheng xue |
| 690 | @aF810@v5 | |
| 701 | 0 | @a张志超@Azhang zhi chao@4编著 |
| 801 | 0 | @aCN@c20110610 |
| 905 | @dF810@eZ250@f3 | |
| 现代财政学原理/张志超编著.-第4版.-天津:南开大学出版社,2011.04 |
| 399页:图;21cm.-(经济学核心课系列教材) |
| 使用对象:经济学学习人员 |
| ISBN 978-7-310-03668-4:CNY30.00 |
| 本书主要内容包括:政府、市场与公共财政、公共财政的基本职能、财政预算、财政支出等。 |
| ● |
| 相关链接 |
|
|
|
正题名:现代财政学原理
索取号:F810/Z250
 
预约/预借
| 序号 | 登录号 | 条形码 | 馆藏地/架位号 | 状态 | 备注 |
| 1 | 881962 | 208819625 | 社科库409/409社科库 49排4列3层/ [索取号:F810/Z250] | 在馆 | |
| 2 | 881963 | 208819634 | 社科库409/409社科库 49排4列3层/ [索取号:F810/Z250] | 在馆 | |
| 3 | 881964 | 208819643 | 社科库409/409社科库 49排4列3层/ [索取号:F810/Z250] | 在馆 |